[Event "OLNO 2122 SC Kreuzberg - SC Empor Potsd"]
[Site "?"]
[Date "2022.04.03"]
[Round "8.7"]
[White "Jaeger, Uwe"]
[Black "Eberhardt, Olaf"]
[Result "1-0"]
[WhiteElo "2237"]
[BlackElo "2101"]
[PlyCount "93"]
[EventDate "2022.??.??"]

1. e4 e6 2. d4 d5 3. Nd2 c5 4. exd5 Qxd5 5. Ngf3 Nf6 6. Bc4 Qd6 7. dxc5 Qxc5 8.
Qe2 Be7 9. O-O O-O 10. Ne4 Nxe4 11. Qxe4 Nd7 12. Be3 Qh5 13. Rfd1 Rd8 14. c3
Nf6 15. Rxd8+ Bxd8 16. Rd1 Bc7 17. Qf4 Qa5 18. Qh4 Bd7 19. b4 Qa4 20. Bb3 Qc6
21. c4 e5 22. Ng5 Bf5 23. c5 Bg6 24. Qc4 Qe8 25. f3 h6 26. Ne4 Nxe4 27. fxe4
Bh5 28. Rd2 Bg4 29. Qc3 a5 30. a3 axb4 31. axb4 Qb5 32. Kf2 Ra6 33. Bc4 Rf6+
34. Kg3 Qc6 35. Bd5 Qd7 36. Bxb7 Qb5 37. Bd5 Bc8 38. h3 Qf1 39. Rf2 Rxf2 40.
Bxf2 Bd8 41. Qf3 Be6 42. Kh2 Bxd5 43. exd5 Qc4 44. d6 e4 45. Qf5 Bf6 46. d7
Qxb4 47. Qxf6 1-0

[Event "OLNO 2122 SC Kreuzberg - SC Empor Potsd"]
[Site "?"]
[Date "2022.04.03"]
[Round "8.8"]
[White "Kilic, Hasan"]
[Black "Bachmann, Volker"]
[Result "1-0"]
[WhiteElo "1382"]
[BlackElo "2130"]
[PlyCount "53"]
[EventDate "2022.??.??"]

1. e4 e6 2. Nf3 d5 3. e5 c5 4. b4 cxb4 5. a3 Nc6 6. axb4 Bxb4 7. c3 Be7 8. d4
f6 9. Bd3 fxe5 10. Nxe5 Nf6 11. Nd2 Qc7 12. f4 O-O 13. O-O g6 14. Qe1 Nh5 15.
Ndf3 Bd6 16. g3 Bd7 17. Ng5 Nxe5 18. fxe5 Rxf1+ 19. Qxf1 Rf8 20. Qe1 Be7 21.
Rxa7 Qd8 22. Qe3 Qb6 23. Ra2 Qb3 24. Rf2 Qxc3 25. Rxf8+ Bxf8 26. Nxh7 Bb4 27.
Bxg6 1-0

[Event "OLNO 2122 SG Güstrow-Teterow - Forster"]
[Site "?"]
[Date "2022.04.03"]
[Round "8.2"]
[White "Seiler, Dirk"]
[Black "Kleeschaetzky, Rainer"]
[Result "*"]
[WhiteElo "2112"]
[BlackElo "2280"]
[PlyCount "103"]
[EventDate "2022.??.??"]

1. d4 d5 2. Nf3 Nf6 3. Bg5 Ne4 4. Bh4 c6 5. c3 Qb6 6. Qb3 Bf5 7. Nbd2 Nd7 8.
Nxe4 Bxe4 9. e3 e6 10. Be2 a5 11. O-O Bd6 12. Bg3 Be7 13. Nd2 Bg6 14. Qxb6 Nxb6
15. a4 O-O 16. Rfc1 Rfc8 17. Nf3 f6 18. h3 Be8 19. b3 c5 20. dxc5 Bxc5 21. Nd4
e5 22. Nb5 Bd7 23. Rd1 Be6 24. Rab1 Bf5 25. Bd3 Bxd3 26. Rxd3 Rc6 27. Kf1 Kf7
28. Ke2 Ke6 29. f3 f5 30. Rbd1 g5 31. Be1 h5 32. Bf2 e4 33. R3d2 Rf8 34. Bg3 f4
35. Bf2 exf3+ 36. gxf3 Kf6 37. exf4 gxf4 38. Bxc5 Rxc5 39. Rd4 Kg5 40. Kf2 Rc6
41. Re1 Rf7 42. Re8 Kh4 43. Rd1 Rg6 44. Re5 Rfg7 45. Ke2 Rg5 46. Rxg5 Rxg5 47.
Kf2 Nd7 48. Nc7 Ne5 49. Rxd5 Kxh3 50. Ne6 Rf5 51. Nxf4+ Kh2 52. Ke3 *

[Event "OLNO 2122 SG Güstrow-Teterow - Forster"]
[Site "?"]
[Date "2022.04.03"]
[Round "8.3"]
[White "Bielinski, Dariusz"]
[Black "Gebert-Vangeel, Ralf"]
[Result "1-0"]
[WhiteElo "2105"]
[BlackElo "2061"]
[PlyCount "67"]
[EventDate "2022.??.??"]

1. Nf3 Nf6 2. c4 g6 3. Nc3 Bg7 4. e4 d6 5. d4 O-O 6. Be2 Nc6 7. d5 Nb8 8. O-O
Nbd7 9. Rb1 e6 10. dxe6 fxe6 11. Nd4 Nc5 12. Bf3 e5 13. Nc2 Ne6 14. b4 Bd7 15.
c5 dxc5 16. bxc5 b6 17. Ba3 bxc5 18. Nd5 Ba4 19. Nxf6+ Qxf6 20. Qe2 c6 21. Bxc5
Rfd8 22. Na3 Kh8 23. Qc4 Nxc5 24. Qxc5 Rd4 25. Nc2 Rd6 26. Ne3 Bf8 27. Ng4 Re6
28. Qa5 Qh4 29. Qxa4 h5 30. Ne3 Bh6 31. g3 Qf6 32. Bg2 h4 33. Ng4 Qg7 34. Qa6
1-0

[Event "OLNO 2122 SG Güstrow-Teterow - Forster"]
[Site "?"]
[Date "2022.04.03"]
[Round "8.4"]
[White "Waschk, Armin"]
[Black "Dabrowski, Grzegorz"]
[Result "*"]
[WhiteElo "2149"]
[BlackElo "2050"]
[PlyCount "136"]
[EventDate "2022.??.??"]

1. e4 c5 2. Nf3 d6 3. Bb5+ Nd7 4. O-O a6 5. Bd3 e5 6. c3 g5 7. Bc2 g4 8. Ne1 h5
9. d4 Qc7 10. f4 f6 11. fxe5 fxe5 12. Qe2 Be7 13. Bb3 Ndf6 14. Qc4 Rh7 15. Bg5
b5 16. Qe2 c4 17. Bc2 Rg7 18. Bh4 Bb7 19. a4 Nh7 20. Bxe7 Rxe7 21. axb5 axb5
22. Rxa8+ Bxa8 23. Qf2 Ngf6 24. d5 Bb7 25. Qf5 Bc8 26. Qg6+ Rf7 27. Qh6 Qa7+
28. Kh1 Nxe4 29. Rxf7 Qxf7 30. Nd2 Bf5 31. Bxe4 Bxe4 32. Qxd6 Qxd5 33. Qxd5
Bxd5 34. Kg1 Ke7 35. Kf2 Kf6 36. Nc2 Ng5 37. Ne3 Bc6 38. g3 Ke6 39. Ke2 Bd7 40.
Nc2 Kd5 41. Ne3+ Kc5 42. Nc2 Bf5 43. Ne3 Bd3+ 44. Kf2 Ne6 45. b3 Nd8 46. bxc4
bxc4 47. Nd1 Nf7 48. Ke3 Nd6 49. Kf2 Nb5 50. Ke3 Kd5 51. Nf2 Nxc3 52. Nxd3 cxd3
53. Kxd3 Na4 54. Ke3 Nc5 55. Nb1 Ke6 56. Nd2 Nd7 57. Ne4 Nf6 58. Nf2 Kf5 59.
Ke2 Ne4 60. Nd3 Ng5 61. Ke3 Nf3 62. Kf2 Nxh2 63. Ne1 Ke4 64. Ng2 Nf3 65. Ke2
Nd4+ 66. Kf2 Kd3 67. Ne1+ Kd2 68. Ng2 Nf5 *

[Event "OLNO 2122 SG Güstrow-Teterow - Forster"]
[Site "?"]
[Date "2022.04.03"]
[Round "8.5"]
[White "Stahr, Ralf-Peter"]
[Black "Dettmann, Gerd"]
[Result "1/2-1/2"]
[WhiteElo "2148"]
[BlackElo "2098"]
[PlyCount "89"]
[EventDate "2022.??.??"]

1. c4 e6 2. Nc3 d5 3. d4 Nf6 4. Nf3 Be7 5. Bf4 O-O 6. e3 c5 7. cxd5 Nxd5 8. Bg3
Nc6 9. Be2 cxd4 10. exd4 b6 11. O-O Bb7 12. Qd2 Rc8 13. Ne5 Nxe5 14. Bxe5 Nxc3
15. bxc3 Bd5 16. Ba6 Bc4 17. Bxc8 Bxf1 18. Bb7 Bc4 19. Be4 Qd7 20. a4 Rc8 21.
a5 b5 22. a6 f6 23. Bg3 Bd5 24. Bxd5 Qxd5 25. Qe3 Bd8 26. h3 Bb6 27. Rb1 h6 28.
Qd3 Rc4 29. Qe2 Kf7 30. Rb3 Bxd4 31. Qb2 Bb6 32. Rxb5 Qc6 33. Rb3 e5 34. Kh2
Ra4 35. Ra3 Rxa3 36. Qxa3 Qc4 37. Kg1 Kg6 38. h4 Qd3 39. Qb4 Qxa6 40. Qe4+ Kf7
41. Qd5+ Kf8 42. Qa8+ Kf7 43. Qd5+ Kf8 44. Qa8+ Kf7 45. Qd5+ 1/2-1/2

[Event "OLNO 2122 SG Güstrow-Teterow - Forster"]
[Site "?"]
[Date "2022.04.03"]
[Round "8.6"]
[White "Dettmann, Holger"]
[Black "Szylko, Waldemar"]
[Result "1/2-1/2"]
[WhiteElo "2020"]
[BlackElo "1906"]
[PlyCount "75"]
[EventDate "2022.??.??"]

1. d4 c6 2. Nc3 d5 3. Bf4 e6 4. Qd2 f5 5. f3 Nf6 6. Nh3 Be7 7. Nf2 O-O 8. e3
Nbd7 9. Nd3 b6 10. Ne5 Nxe5 11. Bxe5 Bd6 12. Bxf6 Qxf6 13. f4 Bd7 14. Nd1 c5
15. c3 Kh8 16. Be2 Rg8 17. Nf2 c4 18. h4 b5 19. g4 Qe7 20. g5 b4 21. O-O Rgc8
22. Rfb1 Be8 23. Nd1 a5 24. Qc1 g6 25. a3 h6 26. axb4 hxg5 27. hxg5 axb4 28.
Rxa8 Rxa8 29. Ra1 Qb7 30. Kg2 Ra7 31. cxb4 Bxb4 32. Nc3 Qa8 33. Rxa7 Qxa7 34.
Qb1 Qa5 35. Qc1 Kg8 36. Kf3 Bf8 37. Kg2 Bb4 38. Kf3 1/2-1/2

[Event "OLNO 2122 SG Güstrow-Teterow - Forster"]
[Site "?"]
[Date "2022.04.03"]
[Round "8.7"]
[White "Zeihser, Michael"]
[Black "Kiel, Bernd"]
[Result "1-0"]
[WhiteElo "2115"]
[BlackElo "1989"]
[PlyCount "61"]
[EventDate "2022.??.??"]

1. d4 Nf6 2. c4 g6 3. f3 d5 4. cxd5 Nxd5 5. e4 Nb6 6. Be3 Bg7 7. Nc3 O-O 8. a4
a5 9. f4 Nc6 10. d5 Nb4 11. Nf3 e6 12. Bc5 exd5 13. Bxf8 Qxf8 14. e5 f6 15.
exf6 Qxf6 16. g3 Bf5 17. Kf2 Re8 18. h4 d4 19. Na2 Nc2 20. Rc1 Qe6 21. Rxc2
Bxc2 22. Qxc2 Qxa2 23. h5 Qxa4 24. Qxc7 Qb3 25. hxg6 hxg6 26. Ng5 Rc8 27. Bc4+
Qxc4 28. Qxb6 Qd5 29. Qxg6 d3 30. Rh8+ Kxh8 31. Qh7# 1-0

[Event "OLNO 2122 SG Güstrow-Teterow - Forster"]
[Site "?"]
[Date "2022.04.03"]
[Round "8.8"]
[White "Scharf, Christian"]
[Black "Goldschmidt, Juergen"]
[Result "0-1"]
[WhiteElo "1274"]
[BlackElo "1893"]
[PlyCount "84"]
[EventDate "2022.??.??"]

1. e4 c6 2. d4 d5 3. exd5 cxd5 4. Bd3 Nc6 5. c3 Nf6 6. h3 g6 7. Nf3 Bg7 8. O-O
O-O 9. Bf4 a6 10. Re1 b5 11. Ne5 Nxe5 12. dxe5 Ne8 13. a4 bxa4 14. Rxa4 Nc7 15.
Qd2 Bd7 16. Ra1 Ne6 17. Bh6 Qb6 18. Bxg7 Kxg7 19. Na3 a5 20. Rab1 Rfd8 21. Qe3
Rab8 22. Nc2 Qxe3 23. Rxe3 Rb3 24. Na1 Rb6 25. b3 Rc8 26. Be2 d4 27. cxd4 Nxd4
28. Bc4 Rxc4 29. Ree1 Nxb3 30. Rxb3 Rxb3 31. Nxb3 Ba4 32. Rb1 Rb4 33. Nd2 Bc2
34. Rc1 Bf5 35. Rc3 Rb2 36. Nc4 Rb1+ 37. Kh2 a4 38. Ra3 Rb4 39. Ne3 Be6 40. Nc2
Re4 41. f3 Rxe5 42. Rxa4 Bb3 0-1

[Event "OLNO 2122 SF Berlin III - SV Glückauf "]
[Site "?"]
[Date "2022.04.03"]
[Round "8.1"]
[White "Leniart, Arkadiusz"]
[Black "Hoffmann, Udo"]
[Result "1-0"]
[WhiteElo "2473"]
[BlackElo "2305"]
[PlyCount "49"]
[EventDate "2022.??.??"]

1. e4 c5 2. Nf3 e6 3. d4 cxd4 4. Nxd4 Nc6 5. Nc3 Qc7 6. g3 a6 7. Bg2 Nf6 8. O-O
Nxd4 9. Qxd4 Bc5 10. Bf4 d6 11. Qd2 h6 12. Rad1 O-O 13. Bxd6 Bxd6 14. Qxd6 Qxd6
15. Rxd6 Ng4 16. Rfd1 b5 17. e5 Rb8 18. Re1 b4 19. Na4 Rb5 20. f4 h5 21. Bc6
Rb8 22. Nc5 Nh6 23. Red1 Rb6 24. Ba4 Rb8 25. Rd8 1-0

[Event "OLNO 2122 SF Berlin III - SV Glückauf "]
[Site "?"]
[Date "2022.04.03"]
[Round "8.2"]
[White "Nogly, Christoph"]
[Black "Klimkowski, Jan"]
[Result "0-1"]
[WhiteElo "2228"]
[BlackElo "2401"]
[PlyCount "58"]
[EventDate "2022.??.??"]

1. d4 Nf6 2. c4 g6 3. Nc3 Bg7 4. e4 d6 5. Bd3 O-O 6. Nge2 Nc6 7. O-O e5 8. d5
Nd4 9. Nxd4 exd4 10. Ne2 Re8 11. Ng3 c5 12. Bg5 h6 13. Bd2 Ng4 14. Be1 h5 15.
Be2 Ne5 16. f3 b5 17. cxb5 c4 18. f4 Ng4 19. Bxc4 Ne3 20. Qd3 h4 21. Ne2 Nxf1
22. Kxf1 Bg4 23. Bf2 Qf6 24. g3 hxg3 25. hxg3 g5 26. f5 Qh6 27. Bxd4 Qh1+ 28.
Ng1 Rxe4 29. Re1 Bh3+ 0-1

[Event "OLNO 2122 SF Berlin III - SV Glückauf "]
[Site "?"]
[Date "2022.04.03"]
[Round "8.3"]
[White "Sieciechowicz, Marcin"]
[Black "Noetzel, Felix"]
[Result "1-0"]
[WhiteElo "2388"]
[BlackElo "2207"]
[PlyCount "63"]
[EventDate "2022.??.??"]

1. d4 d5 2. c4 e6 3. Nc3 c6 4. Nf3 dxc4 5. Bg5 Nf6 6. e4 b5 7. e5 h6 8. Bh4 g5
9. Nxg5 hxg5 10. Bxg5 Nbd7 11. g3 Qb6 12. exf6 Bb7 13. Bg2 c5 14. d5 O-O-O 15.
O-O b4 16. Na4 Qb5 17. a3 exd5 18. axb4 cxb4 19. Bf4 Nc5 20. Nxc5 Bxc5 21. h4
Bc6 22. Qg4+ Kb7 23. Qg7 Rdf8 24. Rfe1 Rhg8 25. Re7+ Bxe7 26. fxe7 Re8 27. Qe5
Ka8 28. Qd6 Qb7 29. Be3 a6 30. Bxd5 Rc8 31. Bxf7 Rg7 32. e8=Q 1-0

[Event "OLNO 2122 SF Berlin III - SV Glückauf "]
[Site "?"]
[Date "2022.04.03"]
[Round "8.4"]
[White "Wintzer, Joachim"]
[Black "Steczek, Marcin"]
[Result "1/2-1/2"]
[WhiteElo "2279"]
[BlackElo "2359"]
[PlyCount "146"]
[EventDate "2022.??.??"]

1. c4 Nf6 2. Nc3 e6 3. e4 d5 4. cxd5 exd5 5. e5 Ne4 6. d4 Nc6 7. Bb5 Bb4 8. Qa4
Bd7 9. Nge2 O-O 10. O-O Bxc3 11. bxc3 a6 12. Bxc6 Bxc6 13. Qc2 Bb5 14. Re1 Qh4
15. Be3 Bc4 16. f3 Ng5 17. Ng3 Ne6 18. Nf5 Qd8 19. Bf2 Qd7 20. Qd2 Rae8 21. Bh4
Kh8 22. g4 Rg8 23. f4 Nf8 24. Ne3 Qc6 25. f5 Nd7 26. Kf2 Bb5 27. Rg1 Nb6 28.
Rae1 Nc4 29. Nxc4 Qxc4 30. f6 g6 31. Rg3 c5 32. Bg5 cxd4 33. cxd4 Rc8 34. Kg1
Qc2 35. Qf4 Rge8 36. Rg2 Qc3 37. Qf2 Rc4 38. Be3 Bd7 39. Rg3 Qc2 40. Re2 Qb1+
41. Re1 Qe4 42. Qb2 b5 43. Bf2 Qc2 44. Qb3 Qxb3 45. axb3 Rc2 46. Ra1 Re6 47.
Be1 Rec6 48. Bb4 Rc1+ 49. Rxc1 Rxc1+ 50. Kf2 Rc2+ 51. Kg1 h6 52. h3 Kg8 53. Rg2
Rc1+ 54. Kh2 g5 55. Ra2 Bc8 56. Bd2 Rc6 57. Bb4 Kh7 58. Bc5 Kg6 59. Kg3 Be6 60.
Kf3 h5 61. Kg3 hxg4 62. hxg4 Rc8 63. Rxa6 Rh8 64. Rxe6 fxe6 65. b4 Rh1 66. Kg2
Rc1 67. Kg3 Rg1+ 68. Kf3 Kf7 69. Bd6 Rc1 70. Bc5 Rc3+ 71. Kf2 Rc2+ 72. Kf3 Rc3+
73. Kf2 Rc2+ 1/2-1/2

[Event "OLNO 2122 SF Berlin III - SV Glückauf "]
[Site "?"]
[Date "2022.04.03"]
[Round "8.5"]
[White "Janaszak, Dawid"]
[Black "Gaerths, Ronny"]
[Result "1-0"]
[WhiteElo "2334"]
[BlackElo "2131"]
[PlyCount "87"]
[EventDate "2022.??.??"]

1. e4 e6 2. d4 d5 3. Bd3 c5 4. exd5 exd5 5. c3 Nc6 6. Nf3 c4 7. Bc2 Bd6 8. O-O
Nge7 9. Nh4 O-O 10. Qh5 f5 11. Nd2 Be6 12. g3 Bf7 13. Qd1 f4 14. Qg4 Qc8 15.
Qxc8 Raxc8 16. Ndf3 fxg3 17. hxg3 h6 18. Re1 Rfe8 19. Bd2 g5 20. Ng2 Bg6 21.
Bxg6 Nxg6 22. Ne3 Nge7 23. Ng4 Kg7 24. Nxh6 Kxh6 25. Re6+ Kg7 26. Rxd6 g4 27.
Nh2 Red8 28. Rxd8 Rxd8 29. Nxg4 b5 30. Re1 b4 31. Bg5 bxc3 32. bxc3 Rd7 33. Re6
Rb7 34. Ne5 Nxe5 35. Rxe5 Rb1+ 36. Kg2 Nc8 37. Rxd5 Nb6 38. Ra5 Kg6 39. Be3 Rb2
40. d5 Kf5 41. Bd4 Rd2 42. Kf3 Rd3+ 43. Ke2 Ke4 44. d6 1-0

[Event "OLNO 2122 SF Berlin III - SV Glückauf "]
[Site "?"]
[Date "2022.04.03"]
[Round "8.6"]
[White "Van Hasselt, Frank"]
[Black "Dudzinski, Piotr"]
[Result "0-1"]
[WhiteElo "2223"]
[BlackElo "2317"]
[PlyCount "64"]
[EventDate "2022.??.??"]

1. c4 e6 2. g3 d5 3. Bg2 Nf6 4. Nf3 Be7 5. O-O O-O 6. b3 c6 7. Bb2 Nbd7 8. d3
b6 9. e4 Bb7 10. e5 Ne8 11. d4 Nc7 12. Qe2 dxc4 13. bxc4 c5 14. dxc5 Nxc5 15.
Rd1 Qc8 16. Nc3 Rd8 17. Rxd8+ Qxd8 18. Rd1 Qe8 19. Nb5 Nxb5 20. cxb5 Rd8 21.
Nd4 Bxg2 22. Kxg2 Qd7 23. Ra1 Qd5+ 24. Kg1 Rd7 25. a4 Nb3 26. Nxb3 Qxb3 27. Rc1
Bc5 28. a5 g6 29. axb6 axb6 30. Bc3 Ba3 31. Qc2 Qxc2 32. Rxc2 Rc7 0-1

[Event "OLNO 2122 SF Berlin III - SV Glückauf "]
[Site "?"]
[Date "2022.04.03"]
[Round "8.7"]
[White "Sroczynski, Maciej"]
[Black "Weber, Daniel"]
[Result "1/2-1/2"]
[WhiteElo "2268"]
[BlackElo "2130"]
[PlyCount "67"]
[EventDate "2022.??.??"]

1. d4 Nf6 2. c4 g6 3. Nc3 Bg7 4. e4 d6 5. Nf3 O-O 6. Be2 e5 7. O-O Nc6 8. d5
Ne7 9. Ne1 Nd7 10. Be3 f5 11. f3 f4 12. Bf2 g5 13. a4 a5 14. Nd3 b6 15. Be1 Rf7
16. Nb5 Bf8 17. b4 axb4 18. Bxb4 Nf6 19. a5 c5 20. Bc3 bxa5 21. Nf2 h5 22. h3
Ng6 23. Qd2 a4 24. Qc2 Nh4 25. Rxa4 Rxa4 26. Qxa4 Qe7 27. Qa8 Bd7 28. Ba5 Rg7
29. Bd8 Qe8 30. Nc7 Qf7 31. Bxf6 Qxf6 32. Ne8 Bxe8 33. Qxe8 Qf7 34. Qxf7+
1/2-1/2

[Event "OLNO 2122 SF Berlin III - SV Glückauf "]
[Site "?"]
[Date "2022.04.03"]
[Round "8.8"]
[White "Offermann, Fernando"]
[Black "Wlodarczyk, Oskar"]
[Result "0-1"]
[WhiteElo "2151"]
[BlackElo "2218"]
[PlyCount "46"]
[EventDate "2022.??.??"]

1. d4 c5 2. e4 cxd4 3. Nf3 e5 4. c3 dxc3 5. Nxc3 Nc6 6. Bc4 Bb4 7. O-O Nf6 8.
Qb3 Qe7 9. Nd5 Nxd5 10. Bxd5 h6 11. Be3 O-O 12. Rac1 b6 13. Nxe5 Qxe5 14. Bxc6
dxc6 15. Qxb4 c5 16. Qc4 Qxb2 17. Rc2 Qf6 18. f4 Bb7 19. e5 Qf5 20. Rd1 Rad8
21. Rcd2 Qg4 22. h3 Qg3 23. Qe2 Bxg2 0-1

[Event "OLNO 2122 TSG Oberschöneweide - SV Emp"]
[Site "?"]
[Date "2022.04.03"]
[Round "8.1"]
[White "Volke, Karsten"]
[Black "Rosenthal, Dirk"]
[Result "1/2-1/2"]
[WhiteElo "2445"]
[BlackElo "2396"]
[PlyCount "23"]
[EventDate "2022.??.??"]

1. e4 e6 2. d4 d5 3. e5 c5 4. c3 Nc6 5. Nf3 Qb6 6. Bd3 cxd4 7. O-O Bd7 8. Re1
Nge7 9. h4 dxc3 10. bxc3 h6 11. Nbd2 Na5 12. Ba3 1/2-1/2

[Event "OLNO 2122 TSG Oberschöneweide - SV Emp"]
[Site "?"]
[Date "2022.04.03"]
[Round "8.2"]
[White "Horn, Sven"]
[Black "Thinius, Marco"]
[Result "0-1"]
[WhiteElo "2065"]
[BlackElo "2372"]
[PlyCount "56"]
[EventDate "2022.??.??"]

1. d4 Nf6 2. Nf3 e6 3. g3 d5 4. Bg2 b5 5. O-O Nbd7 6. Ne5 Nxe5 7. dxe5 Nd7 8.
e4 d4 9. Qxd4 Bc5 10. Qd3 Ba6 11. b4 Bxb4 12. Qb3 Be7 13. Rd1 Qc8 14. f4 O-O
15. Nd2 Rd8 16. Qf3 c5 17. c4 bxc4 18. Qc3 Nb6 19. a4 Qd7 20. Ra3 Qd4+ 21. Kh1
Qxc3 22. Rxc3 Nxa4 23. Ra3 c3 24. Rxa4 Be2 25. Ra1 Bxd1 26. Nc4 Bb3 27. Ne3 c4
28. Ra5 Bb4 0-1

[Event "OLNO 2122 TSG Oberschöneweide - SV Emp"]
[Site "?"]
[Date "2022.04.03"]
[Round "8.3"]
[White "Foerster, Jonas"]
[Black "Schoewel, Matthias"]
[Result "0-1"]
[WhiteElo "2287"]
[BlackElo "2215"]
[PlyCount "126"]
[EventDate "2022.??.??"]

1. Nf3 d5 2. g3 Nc6 3. d4 Bf5 4. Bf4 Qd7 5. c3 f6 6. h4 e6 7. b4 Bd6 8. Nbd2 e5
9. Be3 exd4 10. Nxd4 Nxd4 11. Bxd4 Ne7 12. Bg2 Nc6 13. Nb3 O-O-O 14. Kf1 Rhe8
15. a4 Kb8 16. a5 Ne5 17. Bc5 Bxc5 18. bxc5 Bg4 19. Nd4 Nc6 20. Bf3 Bxf3 21.
exf3 a6 22. Kg2 Kc8 23. Qc2 g6 24. h5 f5 25. Qd2 Ne5 26. Qh6 Qe7 27. hxg6 hxg6
28. c6 bxc6 29. Rae1 Qc5 30. f4 Qxc3 31. fxe5 Qxd4 32. Qxg6 Qa4 33. e6 Re7 34.
Qxf5 Rde8 35. Rh7 Qb4 36. Rxe7 Rxe7 37. Qe5 d4 38. Qe4 Qd6 39. f4 d3 40. f5 d2
41. Rd1 Kb7 42. Qc4 Re8 43. Rb1+ Kc8 44. Qxa6+ Kd8 45. Qe2 Ke7 46. a6 Rd8 47.
Rd1 Kf6 48. Qf3 Qd4 49. Qxc6 Rd5 50. e7+ Kxe7 51. Qe6+ Kf8 52. a7 Rd8 53. f6
Qb4 54. Kh3 Qc5 55. Qg4 Kf7 56. Qg7+ Ke6 57. g4 Rd3+ 58. Kh4 Qf2+ 59. Kg5 Qe3+
60. Kh4 Qh3+ 61. Kg5 Rd5+ 62. Kg6 Qxg4+ 63. Kh7 Qh5+ 0-1

[Event "OLNO 2122 TSG Oberschöneweide - SV Emp"]
[Site "?"]
[Date "2022.04.03"]
[Round "8.4"]
[White "Boewer, Roland"]
[Black "Sulayev, Daniel"]
[Result "0-1"]
[WhiteElo "2172"]
[BlackElo "2242"]
[PlyCount "138"]
[EventDate "2022.??.??"]

1. Nf3 g6 2. e4 Bg7 3. Bc4 d6 4. O-O Nf6 5. d3 O-O 6. c3 c5 7. Re1 Nc6 8. Bb3
b5 9. h3 Bd7 10. Be3 Rb8 11. Nbd2 Na5 12. Bc2 Qc7 13. Rc1 Rfc8 14. Bb1 b4 15.
cxb4 Rxb4 16. b3 Qb6 17. Nc4 Nxc4 18. dxc4 Qc7 19. Bd2 Rb7 20. Bc3 e5 21. Qd2
Nh5 22. Rcd1 Bf8 23. Kh2 Nf4 24. Ng1 Ne6 25. g3 Nd4 26. Rf1 Bg7 27. f4 f6 28.
Ne2 Be6 29. f5 Bf7 30. Ba5 Qc6 31. fxg6 hxg6 32. Nc3 Rf8 33. Nd5 Be6 34. Bc3
Rbf7 35. g4 Qd7 36. Qg2 Bh6 37. Bd2 Bxd2 38. Rxd2 Kg7 39. Rdf2 a5 40. Bc2 Bxd5
41. cxd5 Qb5 42. Bd1 Qd3 43. Be2 Qe3 44. Qg3 Qxg3+ 45. Kxg3 g5 46. Bc4 Rb8 47.
Rh1 a4 48. bxa4 Rb4 49. Bb5 c4 50. Rc1 Rc7 51. Rc3 Rb1 52. Rxc4 Nxb5 53. Rxc7+
Nxc7 54. Rc2 Ne8 55. a5 Rb5 56. a6 Ra5 57. h4 Ra3+ 58. Kg2 gxh4 59. Rc6 Kf8 60.
a7 Rxa7 61. Kh3 Rxa2 62. Kxh4 Ra4 63. Kh5 Rxe4 64. Ra6 Rd4 65. Ra7 Rc4 66. Rb7
Nc7 67. Rb8+ Kf7 68. Rd8 e4 69. g5 fxg5 0-1

[Event "OLNO 2122 TSG Oberschöneweide - SV Emp"]
[Site "?"]
[Date "2022.04.03"]
[Round "8.5"]
[White "Urban, Julian"]
[Black "Jauk, Wilhelm"]
[Result "1-0"]
[WhiteElo "2241"]
[BlackElo "2168"]
[PlyCount "75"]
[EventDate "2022.??.??"]

1. Nf3 d5 2. g3 c6 3. Bg2 Bf5 4. b3 h6 5. Bb2 e6 6. d3 Nf6 7. Nbd2 Nbd7 8. O-O
Be7 9. e4 dxe4 10. dxe4 Bh7 11. Qe2 Nc5 12. Rfd1 O-O 13. Nc4 Qc8 14. e5 Nd5 15.
Nd6 Bxd6 16. exd6 Ne4 17. Qe1 Rd8 18. c4 Ndf6 19. c5 Nxc5 20. Bxf6 gxf6 21. Qe3
Ne4 22. Rd4 Rxd6 23. Rxe4 Bxe4 24. Qxe4 Qd8 25. Qg4+ Kf8 26. Re1 Qa5 27. Qf4
Ke7 28. b4 Qd8 29. Qc1 a5 30. Nh4 Kd7 31. b5 cxb5 32. Qxh6 Kc7 33. Qh5 Qe8 34.
Qc5+ Rc6 35. Qxb5 Qd8 36. Rb1 Rb8 37. Bxc6 bxc6 38. Qxa5+ 1-0

[Event "OLNO 2122 TSG Oberschöneweide - SV Emp"]
[Site "?"]
[Date "2022.04.03"]
[Round "8.6"]
[White "Lange, Cecilia"]
[Black "Nitsche-Hahn, Raphael"]
[Result "0-1"]
[WhiteElo "1967"]
[BlackElo "2103"]
[PlyCount "90"]
[EventDate "2022.??.??"]

1. e4 c5 2. Nf3 Nc6 3. d4 cxd4 4. Nxd4 g6 5. Nc3 Bg7 6. Be3 Nf6 7. Be2 O-O 8.
O-O d5 9. exd5 Nxd5 10. Nxd5 Qxd5 11. Bf3 Qc4 12. Nxc6 bxc6 13. c3 Be6 14. Qc2
a5 15. Rfd1 a4 16. Bd4 Bf5 17. Qe2 Qxe2 18. Bxe2 Rfb8 19. Bxg7 Kxg7 20. Rd2 Rb6
21. Bc4 c5 22. Re1 Kf6 23. f4 Rab8 24. b3 a3 25. Kf2 Rd6 26. Red1 Rbd8 27.
Rxd6+ exd6 28. Kf3 Be6 29. Bxe6 fxe6 30. b4 c4 31. g4 d5 32. g5+ Ke7 33. Ke3
Kd6 34. Kd4 Rf8 35. Rf1 Rf5 36. Rf2 Kc6 37. h4 e5+ 38. Ke3 Kd6 39. fxe5+ Rxe5+
40. Kf3 Re4 41. Kg3 Re3+ 42. Rf3 Re2 43. Rf2 Rb2 44. Kf3 Rb3 45. Rc2 d4 0-1

[Event "OLNO 2122 TSG Oberschöneweide - SV Emp"]
[Site "?"]
[Date "2022.04.03"]
[Round "8.7"]
[White "Atkinson, Paul"]
[Black "Hoeckendorf, Hartmut"]
[Result "1/2-1/2"]
[WhiteElo "2103"]
[BlackElo "2130"]
[PlyCount "159"]
[EventDate "2022.??.??"]

1. Nf3 Nf6 2. c4 g6 3. Nc3 Bg7 4. e4 d6 5. d4 O-O 6. Be2 e5 7. d5 Na6 8. Bg5 h6
9. Bh4 Qe8 10. Nd2 Nxe4 11. Ndxe4 f5 12. f3 fxe4 13. Nxe4 Bf5 14. Bd3 Nc5 15.
O-O Nxd3 16. Qxd3 g5 17. Bg3 Qg6 18. Rae1 b6 19. Qe3 Rf7 20. h3 a5 21. a4 Bd7
22. b3 Raf8 23. Bh2 Qh5 24. Rf2 Bf6 25. g4 Qg6 26. Kg2 h5 27. Rh1 Bd8 28. Rff1
Rh7 29. Bg3 Kg7 30. Be1 Rf4 31. Ng3 hxg4 32. hxg4 Rxh1 33. Rxh1 Rd4 34. Qg1 Bf6
35. Nh5+ Kf7 36. Nxf6 Kxf6 37. Rh8 Rd1 38. Qh1 Kg7 39. Rd8 Be8 40. Rc8 Qc2+ 41.
Kg3 Qe2 42. Rxc7+ Bf7 43. Rxf7+ Kxf7 44. Qh7+ Ke8 45. Qg8+ Ke7 46. Qe6+ Kf8 47.
Qxd6+ Kg7 48. Bf2 Rd3 49. Qd7+ Kh6 50. Qe6+ Kg7 51. Qd7+ Kh6 52. Qc6+ Kg7 53.
Qc7+ Kh6 54. Qxb6+ Kg7 55. Qc7+ Kh6 56. Qd6+ Kg7 57. Qd7+ Kh6 58. Qe6+ Kg7 59.
Qe7+ Kg6 60. Qe6+ Kg7 61. Qf5 e4 62. Qxg5+ Kh7 63. Qh5+ Kg7 64. Qg5+ Kh7 65.
Qf5+ Kg7 66. Bd4+ Rxd4 67. Qe5+ Kg6 68. Qf5+ Kg7 69. Qe5+ Kg6 70. Qxd4 Qxf3+
71. Kh2 e3 72. Qb6+ Kg5 73. Qd8+ Kxg4 74. Qg8+ Kf5 75. Qf7+ Kg4 76. Qg6+ Kf4
77. Qf6+ Kg4 78. Qd4+ Kg5 79. Qg7+ Kf4 80. Qd4+ 1/2-1/2

[Event "OLNO 2122 TSG Oberschöneweide - SV Emp"]
[Site "?"]
[Date "2022.04.03"]
[Round "8.8"]
[White "Bongardt, Livius"]
[Black "Silz, Elisa"]
[Result "1-0"]
[WhiteElo "1684"]
[BlackElo "1947"]
[PlyCount "59"]
[EventDate "2022.??.??"]

1. e4 c5 2. Nf3 d6 3. d4 cxd4 4. Nxd4 Nf6 5. Nc3 a6 6. Bg5 e6 7. f4 Nbd7 8. Qf3
Qc7 9. O-O-O b5 10. Bd3 Bb7 11. Rhe1 Be7 12. Nd5 exd5 13. Nf5 Bf8 14. e5 dxe5
15. fxe5 Nxe5 16. Nxg7+ Bxg7 17. Bxf6 Kf8 18. Rxe5 Qxe5 19. Bxe5 Bxe5 20. Rf1
f6 21. g4 h6 22. h4 Ke7 23. g5 hxg5 24. hxg5 Raf8 25. Qg4 Rfg8 26. gxf6+ Bxf6
27. Qb4+ Ke6 28. Qe1+ Kf7 29. Qf2 Rh6 30. Qf4 1-0

[Event "OLNO 2122 Greifswalder SV - SK König T"]
[Site "?"]
[Date "2022.04.03"]
[Round "8.1"]
[White "Giemsa, Stephan"]
[Black "Fromm, Marius"]
[Result "*"]
[WhiteElo "2285"]
[BlackElo "2341"]
[PlyCount "92"]
[EventDate "2022.??.??"]

1. d4 Nf6 2. Nf3 e6 3. Bf4 d5 4. e3 Bd6 5. Ne5 O-O 6. Nd2 c5 7. c3 b6 8. h4 Ba6
9. Bxa6 Nxa6 10. h5 Nb8 11. Qf3 Qc7 12. Qg3 Ne8 13. Qg4 Nd7 14. Nxd7 Qxd7 15.
h6 g6 16. O-O Bxf4 17. Qxf4 Nd6 18. e4 dxe4 19. dxc5 bxc5 20. Nc4 Nf5 21. g4
Qd5 22. gxf5 Qxc4 23. fxg6 fxg6 24. Qe5 Rf7 25. Rae1 Qxa2 26. Rxe4 Qd5 27. Qxe6
Qg5+ 28. Rg4 Qxh6 29. Qd5 Qf8 30. Rg5 Rb8 31. Qc4 Rc8 32. Rd1 Kh8 33. Rd2 Rf5
34. Rg3 Qf6 35. Qe4 Rf8 36. Qe3 Re5 37. Qh6 Rh5 38. Qe3 Qc6 39. f3 Re8 40. Qf4
Qa6 41. Kg2 Re2+ 42. Rxe2 Qxe2+ 43. Kg1 Qe1+ 44. Kg2 Qh1+ 45. Kf2 Rh2+ 46. Ke3
Qe1+ *